000 00691cam a2200265 4500
008 090401t1971 xxu||||| |||| 00| 0 eng d
020 _a0117212628
035 _a(Sirsi) u6587
041 _aeng
050 _a690
100 _aLacy, R.E.
245 3 _aAn index of exposure to driving rain.
260 _aLondon
_bHMSO
_c1971
300 _a8p. ; 30cm.
350 _a0.05
490 _aBuilding Research Station Digest
_v127
490 _aBRE Digest
_v127
520 _aOne copy is a photocopy.
650 _aDRIVING-RAIN INDEX
650 _aRAIN PENETRATION
690 _aBUILT ENVIRONMENT
710 _aBuilding Research Station
_9203
942 _n0
948 _c04/03/1997
999 _c86326
_d86326